000 00629nam a2200277Ia 4500
005 20260324140907.0
008 008 260324s9999 xx 000 0 eng d
020 _a9780429444517
037 _aEBOOK
040 _aCRL
040 _beng
040 _cCRL
041 _2eng
041 _aeng
084 _qCRL
100 _aHazel Kemshall
_91206132
245 0 _aRisk in Probation Practice
260 _bTaylor and Francis
260 _c1998
365 _a
365 _b205
856 _uhttp://www.taylorfrancis.com/books/9780429444517
942 _cEBOOK
999 _c1808673
_d1808673